000
00339nam a2200145Ia 4500
008
240624s9999 xx 000 0 und d
041
_a
eng
082
_a
519.5 NAG
100
_a
NAGAR A L
245
_a
BASIC STATISTICS
250
_a
(2nd ed.)
260
_c
2006
_a
New Delhi
_b
Oxford
300
_a
x, : 424 : p. : cm. ; 21
365
_c
RS
999
_c
24400
_d
24400